000
00274 a2200097 4500
050
_a
BP172
_b
.B96 2012
245
_a
Engage :
_b
Christian Responses to Islam /
_c
Barnabas Fund.
260
_a
U. S. A. :
_b
Barnabas Fund,
_c
c2012.
300
_a
80 pages ;
_c
29 cm.
942
_2
lcc
_c
BK
_n
0
999
_c
4391
_d
4391